01255 a2200193 45000010006000000050017000060080041000230030015000640400040000790800068001192450095001870200022002822640040003043000019003445050480003630410008008431000030008518560180008813168520260407155620.0260407a2014 arg spa dAR-UNSa-BCEJYS aAR-UNSa-BCEJYSbspacAR-UNSa-BCEJYS a351.9xSupervisión y control de la administración pública10aLos organismos federales de control en la Constituciónpde servicios públicos y fiscal a978-987-694-010-8 1aBuenos Aires :bEdiciones Rapc2014 a184 p.c24 cm. a1. Introducción: las divisiones del poder - 2. Nuevas formas de administración y los organismos constitucionales independientes - 3. Institutos constitucionales independientes - 4. Naturaleza, ubicación y función constitucional de los "organismos" - 6. Fundamentos de la independencia de los "organismos" - 7. Los "organismos de control" de los servicios públicos de competencia nacional - 8. El "organismo fiscal federal" previsto en la CN - 9. Reflexiones finales aspa1 aPérez Hualde, Alejandro41uhttps://biblioeco.unsa.edu.ar/pmb/images/libros/Los organismos federales de control en la contitucion de servicios publicos y fiscal-l125119.jpgyImagen de portadaqimage/jpeg